Catálogo

El pedagogo / (Registro nro. 25052)

Detalles MARC
000 -LEADER
fixed length control field 01336cam a2200373 i 4500
001 - CONTROL NUMBER
control field 25052
003 - CONTROL NUMBER IDENTIFIER
control field Mx-PuUPA
005 - DATE AND TIME OF LATEST TRANSACTION
control field 20250212141016.0
008 - FIXED-LENGTH DATA ELEMENTS--GENERAL INFORMATION
fixed length control field 140415s2009 sp gr 000 0 spa d
017 ## - COPYRIGHT OR LEGAL DEPOSIT NUMBER
Copyright or legal deposit number M-26340-2009
020 ## - INTERNATIONAL STANDARD BOOK NUMBER
International Standard Book Number 9788497151719
Qualifying information pasta dura
040 ## - CATALOGING SOURCE
Original cataloging agency Mx-PuUPA
Language of cataloging spa
Transcribing agency Mx-PuUPA
Modifying agency Mx-PuUPA
Description conventions rda
041 0# - LANGUAGE CODE
Language code of text/sound track or separate title spa
-- gr
100 0# - MAIN ENTRY--PERSONAL NAME
Personal name Clement,
Titles and words associated with a name of Alexandria, Saint,
Dates associated with a name approximately 150-approximately 215
9 (RLIN) 16732
Relator term autor
245 10 - TITLE STATEMENT
Title El pedagogo /
Statement of responsibility, etc. introducción, traducción y notas de Marcelo Merino y Emilio Redondo
250 ## - EDITION STATEMENT
Edition statement Segunda edición /
Remainder of edition statement revisada, marzo
250 ## - EDITION STATEMENT
Edition statement Edición bilingüe
264 #1 - PRODUCTION, PUBLICATION, DISTRIBUTION, MANUFACTURE, AND COPYRIGHT NOTICE
Place of production, publication, distribution, manufacture Madrid :
Name of producer, publisher, distributor, manufacturer Editorial Ciudad Nueva,
Date of production, publication, distribution, manufacture, or copyright notice ©2009
300 ## - PHYSICAL DESCRIPTION
Extent 746 páginas ;
Dimensions 24 cm
336 ## - CONTENT TYPE
Fuente rdacontent
Content type term texto
Content type code txt
337 ## - MEDIA TYPE
Source rdamedia
Media type term sin medio
Media type code n
338 ## - CARRIER TYPE
Source rdacarrier
Carrier type term volumen
Carrier type code nc
490 0# - SERIES STATEMENT
Series statement Fuentes Patrísticas ;
Volume/sequential designation 5
650 #7 - SUBJECT ADDED ENTRY--TOPICAL TERM
Source of heading or term armarc
Topical term or geographic name entry element Teología moral
General subdivision
650 #7 - SUBJECT ADDED ENTRY--TOPICAL TERM
Source of heading or term armarc
Topical term or geographic name entry element Vida cristiana
650 #7 - SUBJECT ADDED ENTRY--TOPICAL TERM
Source of heading or term armarc
Topical term or geographic name entry element Teología dogmática
650 #7 - SUBJECT ADDED ENTRY--TOPICAL TERM
Source of heading or term armarc
Topical term or geographic name entry element Literatura cristiana primitiva
700 1# - ADDED ENTRY--PERSONAL NAME
Personal name Merino, Marcelo,
Relator term editor
9 (RLIN) 1033
700 1# - ADDED ENTRY--PERSONAL NAME
Personal name Redondo, Emilio,
Relator term editor
942 ## - ADDED ENTRY ELEMENTS (KOHA)
Source of classification or shelving scheme Dewey Decimal Classification
Koha item type Libro
Classification part 241
Item part C62
Existencias
Withdrawn status Lost status Source of classification or shelving scheme Damaged status Not for loan Collection code Home library Current library Shelving location Date acquired Total Checkouts Total Renewals Full call number Barcode Checked out Date last seen Date last checked out Price effective from Koha item type
    Dewey Decimal Classification     Magisterial Biblioteca Karol Wojtyla Biblioteca Karol Wojtyla Módulo de circulación 03/12/2013 2 2 241 C62 2009 48229 17/02/2027 08/05/2025 08/05/2025 03/12/2013 Magisterial